| 000 | 00000nam 2200000za 4500 |
| 001 | 9.846988 |
| 003 | CaOODSP |
| 005 | 20221107153333 |
| 007 | cr ||||||||||| |
| 008 | 171110s1992 onca #o f000 0 fre d |
| 040 | |aCaOODSP|bfre |
| 043 | |an-cn--- |
| 086 | 1 |aNH18-1/198-1992F-PDF |
| 245 | 00|aRégulation des eaux pluviales destiné à prévenir l'inondation des sous-sols |h[ressource électronique] : |brapport / |crédigé à l'intention de Division de la recherche, Société canadienne d'hypothèques et de logement ; par CH2M Hill Engineering Limited. |
| 260 | |aOttawa : |bLa Division, |c1992. |
| 300 | |avi, 84 p. : |bill. |
| 500 | |aPubl. aussi en anglais sous le titre : Stormwater control to prevent basement flooding. |
| 500 | |aTitre de la couv. |
| 500 | |a« Mars 1992. » |
| 504 | |aComprend des références bibliographiques. |
| 692 | 07|2gccst|aInondation |
| 692 | 07|2gccst|aDrainage |
| 692 | 07|2gccst|aLogement |
| 710 | 2 |aSociété canadienne d'hypothèques et de logement. |bDivision de la recherche. |
| 710 | 2 |aCH2M Hill Engineering Ltd. |
| 710 | 2 |aSociété canadienne d'hypothèques et de logement. |
| 775 | 08|tStormwater control to prevent basement flooding |w(CaOODSP)9.569490 |
| 856 | 40|qPDF|s2.69 Mo|uhttps://publications.gc.ca/collections/collection_2017/schl-cmhc/NH18-1-198-1992-fra.pdf |